Old Madras (Record no. 74243)

MARC details
000 -LEADER
fixed length control field 00579cam a22002171 4500
001 - CONTROL NUMBER
control field sa 67004069
003 - CONTROL NUMBER IDENTIFIER
control field DLC
005 - DATE AND TIME OF LATEST TRANSACTION
control field 20260227112343.0
008 - FIXED-LENGTH DATA ELEMENTS--GENERAL INFORMATION
fixed length control field 790106s1965 ii a 000 0 eng
010 ## - LIBRARY OF CONGRESS CONTROL NUMBER
LC control number sa 67004069
025 ## - OVERSEAS ACQUISITION NUMBER
Overseas acquisition number PL480:I-E-8123
035 ## - SYSTEM CONTROL NUMBER
System control number (OCoLC)4528341
040 ## - CATALOGING SOURCE
Original cataloging agency DLC
Transcribing agency MH
Modifying agency DLC
042 ## - AUTHENTICATION CODE
Authentication code premarc
050 00 - LIBRARY OF CONGRESS CALL NUMBER
Classification number DS486.M2
Item number K7
100 2# - MAIN ENTRY--PERSONAL NAME
Personal name Krishnaswami Nayudu, W. S.
245 10 - TITLE STATEMENT
Title Old Madras
Statement of responsibility, etc. [by] W. S. Krishnaswami Nayudu.
260 ## - PUBLICATION, DISTRIBUTION, ETC.
Place of publication, distribution, etc. [Madras,
Name of publisher, distributor, etc. Solden]
Date of publication, distribution, etc. 1965.
300 ## - PHYSICAL DESCRIPTION
Extent iv, 87 p.
Other physical details illus.
Dimensions 18 cm.
651 #0 - SUBJECT ADDED ENTRY--GEOGRAPHIC NAME
Geographic name Chennai (India)
General subdivision History.

No items available.

Powered by Koha